Nové, aktuální kriminalistické možnosti identifikace osob a věcí /

Hlavní autor: Suchánek, Jaroslav, 1943-
Korporativní autor: Policejní akademie České republiky. Katedra kriminalistiky
Jazyk: Čeština
Vydáno: Praha : Policejní akademie České republiky v Praze, 2021
Vydání: Vydání: první
Témata:
Fyzický popis: 249 stran : ilustrace (převážně barevné) ; 24 cm
Language note: Anglické resumé
Knihy
Uloženo v:
LEADER 01915nam a2200481 i 4500
001 nkc20223394187
003 CZ PrNK
005 20220407092953.0
007 ta
008 220203s2021 xr a f 000 0 cze
015 |a cnb003394187 
020 |a 978-80-7251-531-8  |q (brožováno) 
035 |a (OCoLC)1310113559 
040 |a OLA001  |b cze  |e rda 
041 0 |a cze  |b eng 
072 7 |a 343.9  |x Kriminalistika  |2 Konspekt  |9 16 
080 |a 343.982.323/.325  |2 MRF 
080 |a 343.982.327  |2 MRF 
080 |a (048.8:082)  |2 MRF 
100 1 |a Suchánek, Jaroslav,  |d 1943-  |7 xx0001570  |4 aut 
245 1 0 |a Nové, aktuální kriminalistické možnosti identifikace osob a věcí /  |c Jaroslav Suchánek a kolektiv 
250 |a Vydání: první 
264 1 |a Praha :  |b Policejní akademie České republiky v Praze,  |c 2021 
300 |a 249 stran :  |b ilustrace (převážně barevné) ;  |c 24 cm 
336 |a text  |b txt  |2 rdacontent 
337 |a bez média  |b n  |2 rdamedia 
338 |a svazek  |b nc  |2 rdacarrier 
500 |a Na obálce nad názvem: Policejní akademie České republiky v Praze, Fakulta bezpečnostně právní, katedra kriminalistiky 
500 |a 150 výtisků 
504 |a Obsahuje bibliografie a bibliografické odkazy 
546 |a Anglické resumé 
650 0 7 |a identifikace osob  |7 ph114751  |2 czenas 
650 0 7 |a identifikace věcí (kriminalistika)  |7 ph497327  |2 czenas 
650 0 9 |a identification of persons  |2 eczenas 
650 0 9 |a identification of objects (criminal investigation)  |2 eczenas 
655 7 |a kolektivní monografie  |7 fd501537  |2 czenas 
655 9 |a collective monographs  |2 eczenas 
710 2 |a Policejní akademie České republiky.  |b Katedra kriminalistiky  |7 kn20020321432  |4 isb 
910 2 |a BOA001  |b 2-1482.640 
990 |a BK 
995 |a 01 
991 |b 202204  |c NOV 
996 6 |b 2610895720  |c 2-1482.640  |l MZK  |r Sklad / do 1 hodiny  |n 1  |p p.v.  |w 001879053  |u 000010  |a 1  |e BOA001  |j MZK50  |s P